Statistics for Geography - how many? 1 to 17

Click here to take the quiz!

General Stats

  • This quiz has been taken 13 times
  • The average score is 16 of 17

Answer Stats

CategoryNumber% Correct
1Countries named after a woman1
100%
10Provinces (but not territories) of Canada10
100%
12Number of countries in the EU between 1986 and 199512
100%
13Mainland regions of France13
100%
14Countries in Oceania (excluding overseas territories)14
100%
15Countries formed from the Soviet Union15
100%
16States of Germany16
100%
3Territories of Canada3
100%
4Countries of the UK4
100%
7Continents7
100%
9States of Austria9
100%
17Autonomous regions of Spain17
91%
2Doubly landlocked countries in the world2
91%
5Permanent members of the UN Security Council5
91%
8States and territories of Australia8
91%
11Confederate states of America11
82%
6Founding members of the EEC in 19576
82%

Score Distribution

Percentile by Number Answered

Percent of People with Each Score

Your Score History

You have not taken this quiz